000 00254nam a2200109Ia 4500
008 190216s9999||||xx |||||||||||||| ||und||
100 _aDas Gupta N
245 0 _aHuman Resource Accounting
260 _bSulthan Chand &co
650 _aCommerce
942 _cBK
999 _c4822
_d4822